| 000 | 00939nam a22002657a 4500 | ||
|---|---|---|---|
| 001 | 5755 | ||
| 003 | FISKH | ||
| 005 | 20250120155720.0 | ||
| 008 | 250120b cb ||||| |||| 00| 0 eng d | ||
| 020 | _a9780439518079 | ||
| 040 |
_aFISKH _beng _cFISKH _dFISKH |
||
| 050 | _aQP434.S755 | ||
| 082 | _a573.8 | ||
| 100 | _aStonehouse, Bernard | ||
| 245 |
_aThe truth about animal senses / _cby Bernard Stonehouse and Esther Bertram : Illustrated by John Francis |
||
| 250 | _aFirst printing December 2002 | ||
| 260 |
_aNew York : _bTangerine Press ; _c2002. |
||
| 300 |
_a48 pages : _bcolor illustrations ; _c28 cm . |
||
| 490 | _aAnimals Exposed! | ||
| 520 | _aDiscover the secrets and myths about animal senses. From the simplest amoeba to the brightest ape, learn the simple truths about how animals operate. | ||
| 650 |
_abiology _vnon-fiction |
||
| 700 |
_aFrancis, John _eillustrator |
||
| 942 |
_2ddc _cBK _n0 |
||
| 999 |
_c5755 _d5755 |
||